Die 50 besten Songs aller Zeiten - Statistiken

Allgemein
  • Dieses Quiz wurde 313 mal gespielt
  • Das Durchschnittsergebnis liegt bei 16 aus 50
Antwortstatistiken
Platz Titel Künstler % Korrekt
44 Billie Jean Michael Jackson
93%
17 Bohemian Rhapsody Queen
89%
5 Smells Like Teen Spirit Nirvana
84%
13 Gimme Shelter The Rolling Stones
80%
31 (I Can’t Get No) Satisfaction The Rolling Stones
80%
7 Strawberry Fields Forever The Beatles
72%
15 I Want to Hold Your Hand The Beatles
72%
24 A Day in the Life The Beatles
72%
18 Purple Rain Prince and the Revolution
67%
37 When Doves cry Prince and the Revolution
67%
19 Imagine John Lennon
63%
47 Tiny Dancer Elton John
59%
10 Hey Ya! OutKast
57%
39 B.O.B. OutKast
57%
16 Crazy in Love Beyoncé feat. Jay-Z
50%
36 Seven Nation Army The White Stripes
42%
1 Respect Aretha Franklin
40%
30 Royals Lorde
36%
23 Heroes David Bowie
35%
4 Like a Rolling Stone Bob Dylan
30%
12 Superstition Stevie Wonder
26%
27 Born to Run Bruce Springsteen
25%
42 Redemption Song Bob Marley and the Wailers
23%
29 Nuthin’ but a ‘G’ Thang Dr. Dre feat. Snoop Doggy Dogg
23%
33 Johnny B. Goode Chuck Berry
22%
25 Runaway Kanye West feat. Pusha T
21%
40 All Along the Watchtower The Jimi Hendrix Experience
21%
50 Gasolina Daddy Yankee
19%
46 Paper Planes M.I.A.
18%
9 Dreams Fleetwood Mac
16%
6 What’s Going On Marvin Gaye
16%
32 Juicy The Notorious B.I.G.
16%
11 God Only Knows The Beach Boys
14%
8 Get Ur Freak On Missy Elliott
12%
35 Tutti-Frutti Little Richard
11%
38 (Sittin’ On) the Dock of the Bay Otis Redding
11%
41 Love Will Tear Us Apart Joy Division
9%
49 Doo Wop (That Thing) Lauryn Hill
8%
2 Fight the Power Public Enemy
8%
20 Dancing on My Own Robyn
8%
14 Waterloo Sunset The Kinks
7%
22 Be My Baby The Ronettes
7%
43 My Girl The Temptations
7%
21 Strange Fruit Billie Holiday
6%
48 Idioteque Radiohead
6%
3 A Change Is Gonna Come Sam Cooke
6%
28 Once in a Lifetime Talking Heads
6%
34 Papa’s Got a Brand New Bag James Brown
5%
45 Alright Kendrick Lamar
5%
26 A Case of You Joni Mitchell
1%
Keine übereinstimmenden Quizze gefunden
Verteilung der Resultate
Anzahl Personen mit jedem Resultat
Perzentil nach korrekt beantworteten Fragen
Ihre Resultats-Entwicklung
Sie haben dieses Quiz noch nicht gespielt